| 000 | 01735cam a2200385 a 4500 | ||
|---|---|---|---|
| 001 | 3367787 | ||
| 003 | NUST - PNEC | ||
| 005 | 20170116181132.0 | ||
| 008 | 870616s1987 nyu j 000 0 eng | ||
| 010 | _a 87017916 | ||
| 020 | _a0812029933 (pbk.) | ||
| 040 |
_aDLC _cLIBRARY _dDLC |
||
| 042 | _alcac | ||
| 043 |
_ae-uk--- _an-us--- |
||
| 050 | 0 | 0 | _aPE1411 |
| 082 | 0 | 0 | _a808.042076 SHO |
| 100 | 1 | _aShostak, Jerome. | |
| 245 | 1 | 0 |
_aBarron's how to prepare for the College Board achievement tests, English :English composition test with all multiple-choice questions, English composition test with essay, literature test / _cby Jerome Shostak. |
| 250 | _a6th ed. | ||
| 260 |
_aNew York : _bBarron's Educational Series, _cc1987. |
||
| 300 |
_av, 296 p. ; _c28 cm. |
||
| 500 | _aRev. ed. of: How to prepare for College Board achievement tests, English. 1984. | ||
| 520 | _aSample tests with study notes to prepare one for taking the College Board Acheivement Tests in English composition and literature. | ||
| 650 | 0 |
_aEnglish philology _xExaminations _xGeneral _xStudy guides. |
|
| 650 | 0 |
_aEnglish composition test _xStudy guides. |
|
| 650 | 1 |
_aEnglish composition test _xStudy guides. |
|
| 650 | 1 |
_aEnglish language _xComposition and exercises _xExaminations, questions, etc. |
|
| 650 | 1 |
_aEnglish literature _xExaminations, questions, etc. |
|
| 650 | 1 |
_aAmerican literature _xExaminations, questions, etc. |
|
| 650 | 1 |
_aUniversities and colleges _xExaminations. |
|
| 700 | 1 |
_aShostak, Jerome. _tHow to prepare for College Board achievement tests, English. |
|
| 740 | 0 | _aHow to prepare for the College Board achievement tests, English. | |
| 906 |
_a7 _bcbc _corignew _d1 _eocip _f19 _gy-gencatlg |
||
| 942 |
_2ddc _cBK |
||
| 999 |
_c70034 _d70034 |
||